ORGANIZATION BEHAVIOUR (Record no. 1429)
[ view plain ]
| 000 -LEADER | |
|---|---|
| Fixed length control field | 00458nam a2200181 4500 |
| 003 - CONTROL NUMBER IDENTIFIER | |
| Control field | SEACOMEC |
| 005 - DATE AND TIME OF LATEST TRANSACTION | |
| Control field | 20240718153742.0 |
| 008 - FIXED-LENGTH DATA ELEMENTS--GENERAL INFORMATION | |
| Fixed length control field | 240718b |||||||| |||| 00| 0 eng d |
| 020 ## - INTERNATIONAL STANDARD BOOK NUMBER / ISBN | |
| International Standard Book Number | 8125916093 |
| Price | 180.00 |
| 040 ## - CATALOGING SOURCE | |
| Original cataloging agency | SEACOMEC |
| 082 ## - DEWEY DECIMAL CLASSIFICATION NUMBER | |
| Classification number | 658.4 |
| Book Number | C455 |
| 100 ## - MAIN ENTRY--PERSONAL NAME | |
| Personal name | CHANDAN J S |
| 245 ## - TITLE STATEMENT | |
| Title | ORGANIZATION BEHAVIOUR |
| Statement of responsibility | / J S. CHANDAN |
| 250 ## - EDITION STATEMENT | |
| Edition statement | 3rd ed |
| 260 ## - IMPRINT | |
| Place of publication | Delhi |
| Name of publisher | : Vikas Publishing House, |
| Date of publication | 2006 |
| 300 ## - PHYSICAL DESCRIPTION | |
| Page / Vol. No | xiii, 432p |
| 942 ## - ADDED ENTRY ELEMENTS (KOHA) | |
| Koha item type | Books |
| Withdrawn status | Lost status | Source of classification | Damaged status | Not for loan | Home library | Current library | Date acquired | Total Checkouts | Call number | Accession number | Date last seen | Price effective from | Koha item type | Copy number |
|---|---|---|---|---|---|---|---|---|---|---|---|---|---|---|
| Dewey Decimal Classification | SEACOM ENGINEERING COLLEGE | SEACOM ENGINEERING COLLEGE | 05/03/2007 | 658.4 C455 | 6095 | 18/07/2024 | 18/07/2024 | Reference Books | ||||||
| Dewey Decimal Classification | SEACOM ENGINEERING COLLEGE | SEACOM ENGINEERING COLLEGE | 05/03/2007 | 658.4 C455 | 6096 | 18/07/2024 | 18/07/2024 | Books | 1 | |||||
| Dewey Decimal Classification | SEACOM ENGINEERING COLLEGE | SEACOM ENGINEERING COLLEGE | 05/03/2007 | 658.4 C455 | 6097 | 18/07/2024 | 18/07/2024 | Books | 2 | |||||
| Dewey Decimal Classification | SEACOM ENGINEERING COLLEGE | SEACOM ENGINEERING COLLEGE | 05/03/2007 | 658.4 C455 | 6098 | 18/07/2024 | 18/07/2024 | Books | 3 | |||||
| Dewey Decimal Classification | SEACOM ENGINEERING COLLEGE | SEACOM ENGINEERING COLLEGE | 05/03/2007 | 658.4 C455 | 6099 | 18/07/2024 | 18/07/2024 | Books | 4 |
